00648nam a2200181 i 450000100060000000300090000600500170001500700030003200800410003510000230007624501160009926000370021530000220025270000210027485200320029599900170032795201220034433655ES-MaACL20230906154809.0t|030203s1969 sp ||||1| spa d1 aBetz, Otto.92869710aSu presencia en el mundo b: testimonio de Cristo en nuestro tiempo / cOtto Betz ; [traducción de J. Arnal]. aBarcelona : bVilamala, c[1969] a191 p. ; c18 cm.1 aArnal, J.923028 aES-MaACLjC-51508 bR.71207 c33655d33655 00104070aATENEOMbATENEOMcDEPO2d2008-01-17eSCl0oC-51508p1035027r2023-02-23 00:00:00w2023-02-23yMONOGRAFIA